=LDR 00000nam 2200000 4500 =001 000897 =005 20250712121004 =035 ##$$a 0010-0725000775 =007 ta =008 250712################a##########0#ind## =020 ##$$a 978-623-307-524-4 =082 ##$$a 398. 280 2 =084 ##$$a 398. 280 2 ALA b =100 #$$a Alam, Mohammad Shah =245 1#$$a Bhujar dan si Penculik /$c Mohammad Shah Alam =250 ##$$a Cetakan Pertama =260 ##$$a Jakarta Timur :$b Badan Pengembangan dan Pembinaan Bahasa,$c 2022 =300 ##$$a 26 hlm : $b ilus. ; $c 21,5 cm =650 #4$$a Literasi-Bahan Bacaan =600 #4$$a Cerita anak Indonesia - Terjemahan =856 ##$$a TBM AS SUHADA =990 ##$$a TBM202400972